Davis Johnson

Purdue B


Categories

History - American History04024078109.2501
Beliefs030230142147.3300
Science - Physics020020102108.0002
History - European History010010119119.0000
Other Arts: Auditory010110139139.0000
Literature - European Literature01105119119.0000
Literature - British Literature01105153153.0001
Science - Chemistry01105109109.0000
Philosophy000000.0000
02410121124.0000
Literature - American Literature01210137137.0000
Social Science0010-50.0000
Current Events0010-50.0000
Chemistry>0010-50.0000
Fine Arts - Visual Fine Arts0010-50.0000
Other Arts: Visual0020-100.0000

Buzzes

Other Arts: VisualButch Cassidy and the Sundance Kid-519
falcons-530
Current Eventsautomotive industry-543
Other Arts: Visualbonsai-553
Science - Chemistrysilicon-553
Social Sciencekinship-560
Chemistry>ammonia-563
Literature - European LiteratureLesbos-567
History - American HistoryGeorgia1078
Literature - American LiteratureJames Baldwin-581